Obchod s elektrickou energiou v roku 2004 Slovenská elektroenergetika pred zimným obdobím
Postavenie energetiky v ekonomike. Situácia slovenskej elektroenergetiky za posledné desaťročie. Súčasné postavenie spoločnosti SE (Slovenské elektrárne). Aktuálne ponuky SE pre domáci trh. Energetický trh v najbližších rokoch.
Gespeichert in:
| 1. Verfasser: | |
|---|---|
| Format: | Buchkapitel |
| Sprache: | Slowakisch |
| Schlagworte: | |
| Tags: |
Keine Tags, Fügen Sie das erste Tag hinzu!
|
MARC
| LEADER | 00000naa$a2200000$$$4500 | ||
|---|---|---|---|
| 001 | 0002046 | ||
| 005 | 20230908083510.4 | ||
| 041 | 0 | |a slo | |
| 044 | |a SK | ||
| 245 | 1 | 0 | |a Obchod s elektrickou energiou v roku 2004 |b Slovenská elektroenergetika pred zimným obdobím |c aut. Juraj Nagy |
| 520 | |a Postavenie energetiky v ekonomike. Situácia slovenskej elektroenergetiky za posledné desaťročie. Súčasné postavenie spoločnosti SE (Slovenské elektrárne). Aktuálne ponuky SE pre domáci trh. Energetický trh v najbližších rokoch. | ||
| 610 | 2 | 0 | |a energetika |
| 610 | 2 | 0 | |a energia elektrická |
| 610 | 2 | 0 | |a elektrárne |
| 610 | 2 | 0 | |a bilancia energetická |
| 610 | 2 | 0 | |a trh energetický |
| 610 | 2 | 0 | |a produkcia |
| 610 | 2 | 0 | |a zdroje energetické |
| 610 | 2 | 0 | |a produkty |
| 610 | 2 | 0 | |a odberatelia |
| 610 | 2 | 0 | |a elektroenergetika |
| 100 | 1 | |a Nagy, Juraj | |